Inazuma Eleven 2: Epsilon - Statistiques

Statistiques générales
  • Ce quiz a été pris 99 fois
  • Le résultat moyen est 5 sur 11
Statistiques - réponses
Hint Réponse % Correct
Gardien Dvalin
100%
Attaquant Zell
89%
Milieu/Attaquante Mercury
84%
Attaquant Metron
71%
Défenseur Fedora
41%
Milieu Sworm
37%
Défenseur Tytan
34%
Défenseur Mole
32%
Défenseur Kenville
23%
Défenseur Kayson
19%
Milieu Kryto
18%
Aucun quiz correspondant
Distribution des résultats
% des personnes avec chaque résultat
Percentile par nombre de réponses
Votre historique - résultats
Vous n’avez pas pris ce quiz